[Event "Dortmund Sparkassen op-A"]
[Site "Dortmund"]
[Date "2012.07.21"]
[Round "8"]
[White "Baumhackel, Mario"]
[Black "Hobusch, Jan"]
[Result "1/2-1/2"]
[WhiteElo "2126"]
[BlackElo "2027"]
[PlyCount "38"]
[EventDate "2012.07.14"]
[EventType "swiss"]
[EventRounds "9"]
[EventCountry "GER"]
[SourceTitle "CBM 149 Extra"]
[Source "ChessBase"]
[SourceDate "2012.08.24"]
[SourceVersion "1"]
[SourceVersionDate "2012.08.24"]
[SourceQuality "1"]

1. d4 d5 2. Nf3 Nf6 3. g3 Bf5 4. Bg2 h6 5. 0-0 e6 6. c4 c6 7. Nc3 Nbd7 8. Nd2 Be7 9. e4 dxe4 10. Ndxe4 0-0 11. Qb3 Qb6 12. Be3 Qxb3 13. axb3 Nxe4 14. Nxe4 a6 15. h3 Rfd8 16. Rfd1 Bxe4 17. Bxe4 Nf6 18. Bf3 Rd7 19. Kf1 Kf8 1/2-1/2

[Event "Dortmund Sparkassen op-A"]
[Site "Dortmund"]
[Date "2012.07.19"]
[Round "6"]
[White "Butschek, Marc"]
[Black "Baumhackel, Mario"]
[Result "0-1"]
[WhiteElo "1943"]
[BlackElo "2126"]
[PlyCount "62"]
[EventDate "2012.07.14"]
[EventType "swiss"]
[EventRounds "9"]
[EventCountry "GER"]
[SourceTitle "CBM 149 Extra"]
[Source "ChessBase"]
[SourceDate "2012.08.24"]
[SourceVersion "1"]
[SourceVersionDate "2012.08.24"]
[SourceQuality "1"]

1. e4 d5 2. exd5 Qxd5 3. Nc3 Qa5 4. d4 Nf6 5. Bd2 c6 6. Bd3 Qc7 7. Nf3 Bg4 8. h3 Bh5 9. 0-0 e6 10. Re1 Nbd7 11. Rb1 Bd6 12. b4 0-0 13. b5 c5 14. b6 axb6 15. Nb5 Qb8 16. g4 Bg6 17. Bxg6 hxg6 18. g5 Nd5 19. c4 Nf4 20. Re4 Nh5 21. Be3 Rd8 22. d5 exd5 23. Qxd5 Ndf6 24. gxf6 Nxf6 25. Qg5 Nxe4 26. Qh4 Nf6 27. Bg5 Qc8 28. Bxf6 gxf6 29. Re1 Qc6 30. Kg2 Be5 31. Re4 Kg7 0-1

[Event "Dortmund Sparkassen op-A"]
[Site "Dortmund"]
[Date "2012.07.15"]
[Round "2"]
[White "Baumhackel, Mario"]
[Black "Jesse, Ingemars"]
[Result "0-1"]
[WhiteElo "2126"]
[BlackElo "2349"]
[PlyCount "114"]
[EventDate "2012.07.14"]
[EventType "swiss"]
[EventRounds "9"]
[EventCountry "GER"]
[SourceTitle "CBM 149 Extra"]
[Source "ChessBase"]
[SourceDate "2012.08.24"]
[SourceVersion "1"]
[SourceVersionDate "2012.08.24"]
[SourceQuality "1"]

1. d4 Nf6 2. Nf3 c5 3. e3 g6 4. Be2 Bg7 5. 0-0 0-0 6. b3 Ne4 7. Bb2 Nc6 8. c3 d5 9. Nbd2 cxd4 10. cxd4 Nd6 11. a3 a5 12. Rc1 Bg4 13. Nb1 Bd7 14. Nc3 e6 15. Na4 b6 16. Nc3 Qb8 17. Rc2 b5 18. Nb1 Rc8 19. Nbd2 b4 20. a4 Qb6 21. Qa1 Rc7 22. Rfc1 Rac8 23. Bd3 Be8 24. Ne5 Nd8 25. Rxc7 Rxc7 26. Rxc7 Qxc7 27. Nef3 f6 28. Qb1 Bf7 29. Qc2 Qxc2 30. Bxc2 Nc6 31. Kf1 e5 32. Ke2 e4 33. Ne1 Be6 34. f3 f5 35. f4 h6 36. Kf2 g5 37. g3 Bf6 38. Ng2 Bc8 39. Bd1 Ba6 40. Be2 Bd3 41. Ke1 Bxe2 42. Kxe2 Kf7 43. Kd1 Kg6 44. h3 Nd8 45. Kc2 Ne6 46. Nf1 Nb7 47. Kb1 Nbd8 48. Kc2 Nc6 49. Kb1 Kh5 50. Kc2 Ne7 51. Bc1 Nc6 52. g4+ fxg4 53. Ng3+ Kg6 54. f5+ Kh7 55. fxe6 gxh3 56. Ne1 Kg6 57. Kd1 g4 0-1

[Event "Dortmund Sparkassen op-A"]
[Site "Dortmund"]
[Date "2011.07.28"]
[Round "6"]
[White "Conrad, Joachim"]
[Black "Baumhackel, Mario"]
[Result "1/2-1/2"]
[WhiteElo "2079"]
[BlackElo "2157"]
[PlyCount "28"]
[EventDate "2011.07.23"]
[EventType "swiss"]
[EventRounds "9"]
[EventCountry "GER"]
[SourceTitle "CBM 143 Extra"]
[Source "ChessBase"]
[SourceDate "2011.08.29"]
[SourceVersion "1"]
[SourceVersionDate "2011.08.29"]
[SourceQuality "1"]

1. e4 d5 2. exd5 Qxd5 3. Nc3 Qa5 4. d4 c6 5. Bc4 Nf6 6. Qe2 Bf5 7. Bd2 e6 8. 0-0-0 Qc7 9. Nf3 Nbd7 10. Ne5 h5 11. f3 Nxe5 12. dxe5 Nd7 13. Rhe1 0-0-0 14. Kb1 Nb6 1/2-1/2

[Event "Dortmund Sparkassen op-A"]
[Site "Dortmund"]
[Date "2006.08.02"]
[Round "5"]
[White "Hobusch, Alexander"]
[Black "Baumhackel, Mario"]
[Result "1/2-1/2"]
[WhiteElo "1990"]
[BlackElo "2178"]
[PlyCount "46"]
[EventDate "2006.07.28"]
[EventType "swiss"]
[EventRounds "9"]
[EventCountry "GER"]
[SourceTitle "CBM 113 Extra"]
[Source "ChessBase"]
[SourceDate "2006.09.14"]
[SourceVersion "1"]
[SourceVersionDate "2006.09.14"]
[SourceQuality "1"]

1. d4 d5 2. Nf3 Nf6 3. c4 dxc4 4. e3 Bg4 5. Bxc4 e6 6. h3 Bh5 7. Nc3 a6 8. g4 Bg6 9. Ne5 c6 10. Nxg6 hxg6 11. Bf1 Nbd7 12. Bg2 Qc7 13. 0-0 Be7 14. f4 Nb6 15. Qe2 c5 16. dxc5 Bxc5 17. Kh1 0-0 18. Bd2 Rfd8 19. Rac1 Qe7 20. Rfd1 Rd7 21. Be1 Rad8 22. Bf2 Nbd5 23. Na4 Ba7 1/2-1/2

[Event "Dortmund Sparkassen op-A"]
[Site "Dortmund"]
[Date "2006.08.01"]
[Round "4"]
[White "Baumhackel, Mario"]
[Black "Ebert, Manuel"]
[Result "1-0"]
[WhiteElo "2178"]
[BlackElo "2021"]
[PlyCount "49"]
[EventDate "2006.07.28"]
[EventType "swiss"]
[EventRounds "9"]
[EventCountry "GER"]
[SourceTitle "CBM 113 Extra"]
[Source "ChessBase"]
[SourceDate "2006.09.14"]
[SourceVersion "1"]
[SourceVersionDate "2006.09.14"]
[SourceQuality "1"]

1. d4 d5 2. Nf3 Nf6 3. e3 e6 4. Bd3 Be7 5. Nbd2 Nbd7 6. 0-0 0-0 7. b3 b6 8. Bb2 Bb7 9. Rc1 Ne4 10. c4 Re8 11. Qc2 Ndf6 12. cxd5 Qxd5 13. Nxe4 Nxe4 14. Bxe4 Qxe4 15. Qxe4 Bxe4 16. Rxc7 Bd6 17. Rd7 Bb8 18. Rc1 Bd3 19. a4 Ba6 20. Ba3 Bc8 21. Re7 Rd8 22. Ng5 Ba6 23. Nxf7 Rd5 24. f4 b5 25. Rc6 1-0

[Event "Dortmund Sparkassen op-A"]
[Site "Dortmund"]
[Date "2006.07.28"]
[Round "2"]
[White "Baumhackel, Mario"]
[Black "Olyschlaeger, Richard"]
[Result "1/2-1/2"]
[WhiteElo "2178"]
[BlackElo "1861"]
[PlyCount "76"]
[EventDate "2006.07.28"]
[EventType "swiss"]
[EventRounds "9"]
[EventCountry "GER"]
[SourceTitle "CBM 113 Extra"]
[Source "ChessBase"]
[SourceDate "2006.09.14"]
[SourceVersion "1"]
[SourceVersionDate "2006.09.14"]
[SourceQuality "1"]

1. d4 d5 2. Nf3 Nf6 3. g3 e6 4. Bg2 Be7 5. 0-0 0-0 6. b3 c5 7. Bb2 cxd4 8. Nxd4 Nc6 9. e3 Ne4 10. Nd2 Nxd2 11. Qxd2 Qb6 12. a4 Rd8 13. Rfd1 Qc7 14. Rac1 a6 15. Qe2 Bd7 16. c4 dxc4 17. Rxc4 Rdc8 18. Rdc1 Qd6 19. Nxc6 Bxc6 20. b4 Qd7 21. Bxc6 Rxc6 22. Rxc6 bxc6 23. Rc4 Rd8 24. Rd4 Qc8 25. Qc4 Bf6 26. Rxd8+ Bxd8 27. Bd4 Bf6 28. Bxf6 gxf6 29. b5 axb5 30. axb5 c5 31. b6 Qc6 32. Qb3 Qb7 33. Qb5 c4 34. Qc5 Qe4 35. Qc8+ Kg7 36. b7 Qb1+ 37. Kg2 Qe4+ 38. Kg1 Qb1+ 1/2-1/2

[Event "Dortmund Sparkassen op-A"]
[Site "Dortmund"]
[Date "2006.07.28"]
[Round "1"]
[White "Pott, Stefan"]
[Black "Baumhackel, Mario"]
[Result "1-0"]
[WhiteElo "1872"]
[BlackElo "2178"]
[PlyCount "68"]
[EventDate "2006.07.28"]
[EventType "swiss"]
[EventRounds "9"]
[EventCountry "GER"]
[SourceTitle "CBM 113 Extra"]
[Source "ChessBase"]
[SourceDate "2006.09.14"]
[SourceVersion "1"]
[SourceVersionDate "2006.09.14"]
[SourceQuality "1"]

1. e4 d5 2. exd5 Qxd5 3. Nc3 Qa5 4. d4 c6 5. Nf3 Nf6 6. Bd2 Qc7 7. h3 Bf5 8. Bc4 e6 9. Qe2 Nbd7 10. Bb3 0-0-0 11. a4 Bd6 12. a5 h6 13. Na4 Ne4 14. Be3 Qxa5+ 15. c3 b5 16. 0-0 bxa4 17. Bxa4 Qc7 18. Ra2 Nb8 19. Rfa1 a6 20. Bb3 Kd7 21. Bc4 Ke7 22. Bxa6 Nxa6 23. Rxa6 Rb8 24. Ne5 Bxe5 25. dxe5 Rb7 26. f3 Qxe5 27. fxe4 Qxe4 28. Bc5+ Kf6 29. Qf2 h5 30. Re1 Qd5 31. Bd4+ Ke7 32. b4 f6 33. Ra5 Qd7 34. Rxf5 Kf7 1-0

[Event "Hessen-chB"]
[Site "Marburg"]
[Date "2006.04.13"]
[Round "5.9"]
[White "Baumhackel, Mario"]
[Black "Krueger, Till"]
[Result "1/2-1/2"]
[WhiteElo "2176"]
[BlackElo "1851"]
[PlyCount "96"]
[EventDate "2006.04.13"]
[EventType "swiss"]
[EventRounds "7"]
[EventCountry "GER"]
[SourceTitle "EXT 2007"]
[Source "ChessBase"]
[SourceDate "2006.11.23"]
[SourceVersion "1"]
[SourceVersionDate "2006.11.23"]
[SourceQuality "1"]

1. d4 g6 2. Nf3 Bg7 3. c3 Nf6 4. Bg5 h6 5. Bh4 g5 6. Bg3 d6 7. Nbd2 Bf5 8. Qb3 Qc8 9. e3 Nh5 10. Bc4 Bg6 11. 0-0 0-0 12. a4 Nd7 13. a5 Nxg3 14. hxg3 c5 15. Rac1 e6 16. e4 Qc7 17. Qa2 b6 18. b4 Rfb8 19. Rfe1 b5 20. Bd3 a6 21. Qb1 c4 22. Bc2 Nf6 23. Nh2 e5 24. d5 Qd7 25. Ndf1 Rf8 26. Ne3 Rad8 27. g4 Ne8 28. Nf5 Bxf5 29. gxf5 Bf6 30. g3 Kg7 31. Kg2 Rh8 32. Rh1 Nc7 33. Ng4 h5 34. Ne3 Rh7 35. Rh2 Rdh8 36. Rch1 Qe7 37. Qd1 h4 38. Ng4 Ne8 39. Qc1 Kf8 40. Qe3 Kg7 41. Qb6 Nc7 42. Bd1 Qd8 43. Rh3 Qe7 44. Bc2 Qd8 45. f3 Be7 46. Qe3 Bf6 47. Qb6 Be7 48. Qe3 Bf6 1/2-1/2

[Event "Hessen-chB"]
[Site "Marburg"]
[Date "2006.04.13"]
[Round "3.7"]
[White "Baumhackel, Mario"]
[Black "Szwarc, Klaus Peter"]
[Result "1/2-1/2"]
[WhiteElo "2176"]
[BlackElo "1907"]
[PlyCount "40"]
[EventDate "2006.04.13"]
[EventType "swiss"]
[EventRounds "7"]
[EventCountry "GER"]
[SourceTitle "EXT 2007"]
[Source "ChessBase"]
[SourceDate "2006.11.23"]
[SourceVersion "1"]
[SourceVersionDate "2006.11.23"]
[SourceQuality "1"]

1. d4 Nf6 2. Nf3 g6 3. Bg5 Bg7 4. Nbd2 d5 5. c3 Nbd7 6. b4 a5 7. e3 0-0 8. Be2 Re8 9. 0-0 e5 10. b5 h6 11. Bh4 e4 12. Ne1 Nb6 13. Qc2 c6 14. Rb1 g5 15. Bg3 Bf5 16. Qb2 Nbd7 17. bxc6 bxc6 18. Nc2 Re6 19. Qb7 Ne8 20. c4 Nd6 1/2-1/2

[Event "Hessen-chB"]
[Site "Marburg"]
[Date "2006.04.13"]
[Round "4.8"]
[White "Von Chamier, Ralf"]
[Black "Baumhackel, Mario"]
[Result "1/2-1/2"]
[WhiteElo "1798"]
[BlackElo "2176"]
[PlyCount "41"]
[EventDate "2006.04.13"]
[EventType "swiss"]
[EventRounds "7"]
[EventCountry "GER"]
[SourceTitle "EXT 2007"]
[Source "ChessBase"]
[SourceDate "2006.11.23"]
[SourceVersion "1"]
[SourceVersionDate "2006.11.23"]
[SourceQuality "1"]

1. Nf3 d5 2. c4 dxc4 3. Na3 c6 4. Nxc4 Nf6 5. g3 g6 6. b3 Bg7 7. Bb2 0-0 8. Bg2 Na6 9. 0-0 Be6 10. d3 h6 11. Qd2 Rc8 12. Ne3 Ne8 13. Bxg7 Nxg7 14. Nc4 Kh7 15. e4 Nc5 16. Qe3 Bxc4 17. bxc4 Nge6 18. d4 Na6 19. Rab1 Qc7 20. Bh3 Rcd8 21. d5 1/2-1/2

[Event "Dortmund op-A"]
[Site "Dortmund"]
[Date "2005.07.16"]
[Round "8"]
[White "Werner, Michael"]
[Black "Baumhackel, Mario"]
[Result "1/2-1/2"]
[WhiteElo "1995"]
[BlackElo "2180"]
[PlyCount "24"]
[EventDate "2005.07.08"]
[EventType "swiss"]
[EventRounds "9"]
[EventCountry "GER"]
[SourceTitle "CBM 107 Extra"]
[Source "ChessBase"]
[SourceDate "2005.09.01"]
[SourceVersion "1"]
[SourceVersionDate "2005.09.01"]
[SourceQuality "1"]

1. d4 d5 2. c4 dxc4 3. Nf3 Nf6 4. e3 Bg4 5. Bxc4 e6 6. 0-0 a6 7. Nbd2 Nc6 8. a3 Bd6 9. b4 0-0 10. Bb2 Qe7 11. Be2 e5 12. Nc4 exd4 1/2-1/2

[Event "Dortmund op-A"]
[Site "Dortmund"]
[Date "2005.07.12"]
[Round "5"]
[White "Baumhackel, Mario"]
[Black "Seipel, Andreas"]
[Result "1/2-1/2"]
[WhiteElo "2180"]
[BlackElo "2070"]
[PlyCount "88"]
[EventDate "2005.07.08"]
[EventType "swiss"]
[EventRounds "9"]
[EventCountry "GER"]
[SourceTitle "CBM 107 Extra"]
[Source "ChessBase"]
[SourceDate "2005.09.01"]
[SourceVersion "1"]
[SourceVersionDate "2005.09.01"]
[SourceQuality "1"]

1. d4 d5 2. Nf3 Nf6 3. e3 c5 4. b3 Nc6 5. Bb2 cxd4 6. exd4 Bg4 7. Nbd2 e6 8. a3 Bd6 9. Be2 Qc7 10. 0-0 0-0 11. Re1 Ne4 12. h3 Bxf3 13. Nxf3 f5 14. c4 Rf6 15. Rc1 Qe7 16. b4 Bf4 17. Ra1 a5 18. b5 Nd8 19. cxd5 exd5 20. Qb3 Qe6 21. Ne5 Nf7 22. Nd3 Bc7 23. Rac1 Qd6 24. Ne5 Rd8 25. a4 Bb6 26. Ba3 Qe6 27. Nxf7 Qxf7 28. Bc5 Bc7 29. b6 Bf4 30. Rc2 Re8 31. Bb5 Rd8 32. Qd3 Rg6 33. f3 Bg3 34. Ree2 Nd6 35. Bxd6 Bxd6 36. Qe3 f4 37. Qc3 Re6 38. Qxa5 Rxe2 39. Rxe2 Qf5 40. Qe1 Bf8 41. Re5 Qf6 42. a5 Qd6 43. Qc3 Qb4 44. Qxb4 Bxb4 1/2-1/2

[Event "Dortmund op-A"]
[Site "Dortmund"]
[Date "2005.07.10"]
[Round "3"]
[White "Baumhackel, Mario"]
[Black "Salamone, Giuseppe"]
[Result "1-0"]
[WhiteElo "2180"]
[BlackElo "2052"]
[PlyCount "87"]
[EventDate "2005.07.08"]
[EventType "swiss"]
[EventRounds "9"]
[EventCountry "GER"]
[SourceTitle "CBM 107 Extra"]
[Source "ChessBase"]
[SourceDate "2005.09.01"]
[SourceVersion "1"]
[SourceVersionDate "2005.09.01"]
[SourceQuality "1"]

1. d4 d5 2. Nf3 c6 3. g3 Nf6 4. Bg2 Bg4 5. 0-0 Nbd7 6. b3 e6 7. Bb2 Be7 8. c4 0-0 9. Nbd2 Re8 10. Re1 Bb4 11. a3 Bd6 12. Ne5 Bf5 13. Ndf3 Ng4 14. Nxd7 Qxd7 15. Nh4 Nf6 16. Nxf5 exf5 17. Bh3 dxc4 18. bxc4 g6 19. Qb3 Rab8 20. Rad1 Qe7 21. Bg2 Bc7 22. e3 h5 23. Qc2 h4 24. Re2 f4 25. gxf4 Bxf4 26. e4 Nh7 27. e5 h3 28. Be4 Ng5 29. Kh1 Rbd8 30. Rg1 c5 31. Bd5 Kh7 32. Rg4 Ne6 33. Bxe6 Qxe6 34. Rxf4 cxd4 35. Qd3 Qc6+ 36. f3 Qe6 37. Rxd4 Rxd4 38. Qxd4 Qf5 39. Qe4 Qd7 40. e6 Qd1+ 41. Re1 Qd2 42. Qh4+ Qh6 43. Qxh6+ Kxh6 44. e7 1-0

[Event "Dortmund op-A"]
[Site "Dortmund"]
[Date "2004.07.30"]
[Round "8"]
[White "Zachos, Ingo"]
[Black "Baumhackel, Mario"]
[Result "1/2-1/2"]
[WhiteElo "2107"]
[BlackElo "2173"]
[PlyCount "55"]
[EventDate "2004.07.??"]
[EventType "swiss"]
[EventRounds "9"]
[EventCountry "GER"]
[SourceTitle "EXT 2006"]
[Source "ChessBase"]
[SourceDate "2005.11.24"]
[SourceVersion "1"]
[SourceVersionDate "2005.11.24"]
[SourceQuality "1"]

1. Nf3 d5 2. c4 dxc4 3. e3 Nf6 4. Bxc4 e6 5. d4 Be7 6. 0-0 Nbd7 7. Nc3 0-0 8. e4 c6 9. Qe2 Re8 10. Rd1 a6 11. Bg5 h6 12. Bf4 Qa5 13. Rac1 b5 14. Bb3 Bb7 15. Bd2 Qb6 16. e5 Nd5 17. Ne4 Rac8 18. Nc3 Nf8 19. Nxd5 cxd5 20. Qe1 Rxc1 21. Rxc1 Rc8 22. Rxc8 Bxc8 23. Qc1 Bd7 24. Be3 Qc6 25. Qxc6 Bxc6 26. Ne1 Nd7 27. Bc2 Nb6 28. b3 1/2-1/2

[Event "Dortmund op-A"]
[Site "Dortmund"]
[Date "2004.07.26"]
[Round "4"]
[White "Freiknecht, Holger"]
[Black "Baumhackel, Mario"]
[Result "0-1"]
[WhiteElo "2076"]
[BlackElo "2173"]
[PlyCount "108"]
[EventDate "2004.07.??"]
[EventType "swiss"]
[EventRounds "9"]
[EventCountry "GER"]
[SourceTitle "EXT 2006"]
[Source "ChessBase"]
[SourceDate "2005.11.24"]
[SourceVersion "1"]
[SourceVersionDate "2005.11.24"]
[SourceQuality "1"]

1. e4 d5 2. exd5 Qxd5 3. Nc3 Qa5 4. d4 c6 5. Nf3 Nf6 6. Bd2 Qc7 7. Bc4 Bf5 8. 0-0 e6 9. Re1 Nbd7 10. a4 Be7 11. a5 h6 12. Ne2 Bd6 13. Ng3 Bh7 14. c3 0-0 15. b4 e5 16. dxe5 Nxe5 17. Nxe5 Bxe5 18. Qb3 Bg6 19. Rac1 Rfd8 20. Be3 Ng4 21. Rcd1 Nxe3 22. Rxe3 Rxd1+ 23. Qxd1 Rd8 24. Qe1 Bf4 25. Re8+ Kh7 26. Re7 Rd7 27. Rxd7 Qxd7 28. h4 Kg8 29. Qe2 Kf8 30. Qf3 Be5 31. Qe3 Bb8 32. h5 Bc2 33. Be2 Qd6 34. Qc1 Be4 35. Qe3 Bd5 36. Qd3 Kg8 37. Qe3 Be6 38. Qc1 Qf4 39. Qd1 Bd6 40. Bf3 Bc4 41. Be4 Kf8 42. Bf3 Qe5 43. Qd2 Ke7 44. Bd1 Kd7 45. Bf3 Kc7 46. Bd1 c5 47. Bf3 cxb4 48. cxb4 Qa1+ 49. Kh2 Qa3 50. Qd4 Qxb4 51. Qxa7 Bc5 52. Qa8 Bxf2 53. Bg4 Be6 54. a6 Bxg3+ 0-1

[Event "Dortmund op-A"]
[Site "Dortmund"]
[Date "2004.07.24"]
[Round "2"]
[White "Saltaev, Mihail"]
[Black "Baumhackel, Mario"]
[Result "1/2-1/2"]
[WhiteElo "2497"]
[BlackElo "2173"]
[PlyCount "91"]
[EventDate "2004.07.??"]
[EventType "swiss"]
[EventRounds "9"]
[EventCountry "GER"]
[SourceTitle "EXT 2006"]
[Source "ChessBase"]
[SourceDate "2005.11.24"]
[SourceVersion "1"]
[SourceVersionDate "2005.11.24"]
[SourceQuality "1"]

1. e4 d5 2. exd5 Qxd5 3. Nc3 Qa5 4. d4 c6 5. Bc4 Nf6 6. Nf3 Bf5 7. Bd2 e6 8. Nd5 Qd8 9. Nxf6+ Qxf6 10. c3 Nd7 11. h3 h6 12. Qe2 Nb6 13. Bb3 0-0-0 14. Bf4 Bd6 15. Bxd6 Rxd6 16. Qe5 Rdd8 17. 0-0-0 Nd7 18. Qxf6 gxf6 19. Nh4 Bh7 20. Rhe1 h5 21. g3 Rhg8 22. Rd2 Kc7 23. Bd1 Rg5 24. Ng2 Bg6 25. h4 Ra5 26. b4 Ra3 27. Kb2 Nb6 28. Bb3 Ra6 29. Nf4 e5 30. Nxg6 fxg6 31. f4 exd4 32. Re7+ Rd7 33. Rxd7+ Nxd7 34. cxd4 Rb6 35. Kc3 a5 36. a3 axb4+ 37. axb4 Rb5 38. Bc4 Rf5 39. Bd3 Rd5 40. Bxg6 Nb6 41. Bd3 Rd7 42. Be2 Nd5+ 43. Kb3 Re7 44. Bc4 Kd6 45. Re2 Rg7 46. f5 1/2-1/2

[Event "Hessenliga 0304"]
[Site "Germany"]
[Date "2004.02.08"]
[Round "6.2"]
[White "Wahedi, Ahmad Siar"]
[Black "Baumhackel, Mario"]
[Result "1-0"]
[WhiteElo "2192"]
[BlackElo "2159"]
[PlyCount "113"]
[EventDate "2003.10.??"]
[EventType "team-tourn"]
[EventRounds "9"]
[EventCountry "GER"]
[SourceTitle "EXT 2005"]
[Source "ChessBase"]
[SourceDate "2004.11.15"]
[SourceVersion "1"]
[SourceVersionDate "2004.11.15"]
[SourceQuality "1"]
[WhiteTeam "Steinbach"]
[BlackTeam "Wetzlar"]
[WhiteTeamCountry "GER"]
[BlackTeamCountry "GER"]

1. e4 d5 2. exd5 Qxd5 3. Nc3 Qa5 4. Bc4 c6 5. d4 Nf6 6. Bd2 Qc7 7. Qe2 Bf5 8. Nf3 Nbd7 9. 0-0 e6 10. Rfe1 0-0-0 11. Bb3 h6 12. Nd1 g5 13. Ne3 Bh7 14. Nc4 Ne4 15. Be3 Kb8 16. Rad1 Be7 17. Nfe5 Nxe5 18. Nxe5 Bd6 19. g3 Rdf8 20. f3 Nf6 21. c4 Rhg8 22. c5 Bxe5 23. dxe5 Nd5 24. Bxd5 exd5 25. b4 Kc8 26. Bd4 Bf5 27. a4 Be6 28. Qd2 Kd7 29. b5 Rb8 30. Rb1 Ke7 31. Rb2 a6 32. bxa6 bxa6 33. Rb6 Rxb6 34. cxb6 Qb7 35. Bc5+ Kd7 36. Qd3 Rg6 37. a5 Kd8 38. Rb1 Bc8 39. Kf2 Ke8 40. Rb4 Qd7 41. g4 Bb7 42. Qf5 Qe6 43. Rb2 Kd7 44. Kg3 Rg8 45. Re2 Rg6 46. Qd3 Rg8 47. Re3 Rg6 48. Qb1 Ke8 49. Re1 Kd7 50. h3 Kd8 51. Qb4 Kd7 52. Qd4 Rg8 53. f4 gxf4+ 54. Qxf4 Rg6 55. Rf1 Ke8 56. Qf5 Kd7 57. Qxf7+ 1-0

[Event "Hessenliga 0304"]
[Site "Germany"]
[Date "2003.11.09"]
[Round "3.2"]
[White "Baumhackel, Mario"]
[Black "Zelba, Maurizio"]
[Result "1-0"]
[WhiteElo "2159"]
[BlackElo "2114"]
[PlyCount "83"]
[EventDate "2003.10.??"]
[EventType "team-tourn"]
[EventRounds "9"]
[EventCountry "GER"]
[SourceTitle "EXT 2005"]
[Source "ChessBase"]
[SourceDate "2004.11.15"]
[SourceVersion "1"]
[SourceVersionDate "2004.11.15"]
[SourceQuality "1"]
[WhiteTeam "Wetzlar"]
[BlackTeam "Limburg"]
[WhiteTeamCountry "GER"]
[BlackTeamCountry "GER"]

1. d4 f5 2. g3 Nf6 3. Bg2 g6 4. c3 d6 5. Nh3 c6 6. Qb3 Qb6 7. Nd2 Bg7 8. Nc4 Qc7 9. Nd2 e5 10. dxe5 dxe5 11. 0-0 Na6 12. Re1 Qe7 13. Nc4 Be6 14. Qxb7 Qxb7 15. Nd6+ Ke7 16. Nxb7 Bd5 17. Na5 Rac8 18. Be3 Rc7 19. Bxd5 cxd5 20. Bxa7 Nd7 21. Be3 Nac5 22. Red1 Ra8 23. Nb3 Nxb3 24. axb3 Rxa1 25. Rxa1 h6 26. Ra7 Rxa7 27. Bxa7 d4 28. cxd4 exd4 29. Nf4 g5 30. Nd3 Kd6 31. Kf1 Kc6 32. Ke1 Kb7 33. Bc5 Nxc5 34. Nxc5+ Kc6 35. Nd3 Kd5 36. Kd2 Bf8 37. Kc2 Bd6 38. Ne1 Bb4 39. Nf3 Ke4 40. Nd2+ Kd5 41. Kd3 h5 42. Nf3 1-0

[Event "Hessenliga 0304"]
[Site "Germany"]
[Date "2003.10.12"]
[Round "2.2"]
[White "Wege, Jochen"]
[Black "Baumhackel, Mario"]
[Result "1-0"]
[WhiteElo "2255"]
[BlackElo "2159"]
[PlyCount "87"]
[EventDate "2003.10.??"]
[EventType "team-tourn"]
[EventRounds "9"]
[EventCountry "GER"]
[SourceTitle "EXT 2005"]
[Source "ChessBase"]
[SourceDate "2004.11.15"]
[SourceVersion "1"]
[SourceVersionDate "2004.11.15"]
[SourceQuality "1"]
[WhiteTeam "Frankfurt BvK"]
[BlackTeam "Wetzlar"]
[WhiteTeamCountry "GER"]
[BlackTeamCountry "GER"]

1. c4 e5 2. Nc3 d6 3. g3 g6 4. Bg2 Bg7 5. Nf3 f5 6. 0-0 c6 7. d4 e4 8. Ng5 Nf6 9. d5 0-0 10. f3 exf3 11. Nxf3 Ng4 12. Qb3 Na6 13. dxc6 bxc6 14. h3 Rb8 15. Qa3 Ne5 16. Nxe5 Bxe5 17. Kh2 Qb6 18. Na4 Qc7 19. Bf4 Re8 20. Qd3 Nb4 21. Qd2 Be6 22. b3 Bf7 23. Rad1 Re7 24. Bxe5 dxe5 25. Nc5 Qc8 26. Qd6 Qc7 27. Qxc7 Rxc7 28. a3 Nc2 29. Na6 Rbc8 30. Nxc7 Rxc7 31. Rd3 e4 32. Rc3 Nd4 33. e3 Ne6 34. g4 Ng7 35. gxf5 gxf5 36. Rd1 Ne6 37. h4 Kg7 38. Bh3 Kf6 39. Rc2 Nc5 40. Rf2 Nxb3 41. Rxf5+ Kg7 42. Rg1+ Kh8 43. Rf2 h6 44. Rf6 1-0

[Event "Hessenliga 0304"]
[Site "Germany"]
[Date "2003.09.28"]
[Round "1.2"]
[White "Feldtmann, Thomas"]
[Black "Baumhackel, Mario"]
[Result "1/2-1/2"]
[WhiteElo "2190"]
[BlackElo "2159"]
[PlyCount "46"]
[EventDate "2003.10.??"]
[EventType "team-tourn"]
[EventRounds "9"]
[EventCountry "GER"]
[SourceTitle "EXT 2005"]
[Source "ChessBase"]
[SourceDate "2004.11.15"]
[SourceVersion "1"]
[SourceVersionDate "2004.11.15"]
[SourceQuality "1"]
[WhiteTeam "Marburg"]
[BlackTeam "Wetzlar"]
[WhiteTeamCountry "GER"]
[BlackTeamCountry "GER"]

1. c4 e5 2. Nc3 d6 3. g3 g6 4. Bg2 Bg7 5. d3 f5 6. e3 c6 7. Nge2 Nf6 8. Rb1 a5 9. a3 0-0 10. b4 axb4 11. axb4 Be6 12. b5 Bf7 13. 0-0 d5 14. bxc6 bxc6 15. cxd5 cxd5 16. Rb5 Ra5 17. d4 e4 18. Qb3 Nc6 19. Rb6 Qa8 20. Bd2 Ra6 21. Rxa6 Qxa6 22. Qa4 Ra8 23. Ra1 Qxa4 1/2-1/2

[Event "Dortmund op-A"]
[Site "Dortmund"]
[Date "2003.08.09"]
[Round "8"]
[White "Baumhackel, Mario"]
[Black "Friese, Henning"]
[Result "1-0"]
[WhiteElo "2159"]
[BlackElo "2073"]
[PlyCount "42"]
[EventDate "2003.08.01"]
[EventType "swiss"]
[EventRounds "9"]
[EventCountry "GER"]
[SourceTitle "CBM 095 Extra"]
[Source "ChessBase"]
[SourceDate "2003.09.04"]
[SourceVersion "1"]
[SourceVersionDate "2003.09.04"]
[SourceQuality "1"]

1. d4 Nf6 2. Nf3 e6 3. e3 b6 4. Bd3 Bb7 5. Nbd2 c5 6. 0-0 Be7 7. b3 0-0 8. Bb2 d5 9. Qe2 Nc6 10. a3 Rc8 11. Ne5 Nxe5 12. dxe5 Nd7 13. f4 Qc7 14. Rf3 c4 15. Bxh7+ Kxh7 16. Rh3+ Kg8 17. Qh5 f6 18. f5 Nc5 19. Qh7+ Kf7 20. Qg6+ Kg8 21. Rh7 Bd8 1-0